The First Step - WWATTW - Statistics

General Stats
  • This quiz has been taken 14 times
  • The average score is 159 of 304
Answer Stats
Answer % Correct
a
100%
i
100%
I
100%
the
100%
but
75%
drink
75%
full
75%
glass
75%
half
75%
id
75%
see
75%
that
75%
to
75%
too
75%
try
75%
you
75%
an
63%
and
63%
as
63%
im
63%
it
63%
just
63%
just-
63%
me
63%
probably
63%
21
50%
after
50%
be
50%
call
50%
could
50%
count
50%
for
50%
goodbye
50%
hitthe
50%
in
50%
irish
50%
like
50%
lost
50%
my
50%
on
50%
plastered
50%
reason
50%
say
50%
they
50%
wall
50%
we
50%
well
50%
who
50%
would
50%
anyone
38%
bastard
38%
blackout
38%
broken-hearted
38%
calling
38%
can
38%
cant
38%
cause
38%
choke
38%
college
38%
crawl
38%
dont
38%
drunk
38%
edward
38%
EKG
38%
enemy
38%
enough
38%
forty-hands
38%
friend?
38%
had
38%
hope
38%
if
38%
need
38%
nevermind
38%
power
38%
since
38%
so
38%
started
38%
theyre
38%
tonight
38%
touch
38%
vomit
38%
weve
38%
with
38%
been
25%
bit
25%
boozin
25%
clone
25%
dog
25%
empty
25%
have
25%
little
25%
more
25%
oh
25%
slur
25%
sorry
25%
taking
25%
when
25%
bet
13%
birds
13%
bottle
13%
bring
13%
bringing
13%
bullet
13%
donor
13%
down
13%
even
13%
going
13%
haha
13%
hair
13%
horse
13%
keys
13%
kill
13%
no
13%
of
13%
one
13%
organ
13%
please
13%
stoner
13%
take
13%
two
13%
wanna
13%
water
13%
all
0%
axienty
0%
better
0%
betterin
0%
bitterd
0%
bitting
0%
brandys
0%
defirbillate
0%
higher
0%
ill
0%
myself
0%
ooh
0%
soberity
0%
than
0%
Whoa
0%
yeah
0%
yeah!
0%
yet
0%
No matching quizzes found
Score Distribution
Percent of People with Each Score
Percentile by Number Answered
Your Score History
You have not taken this quiz